Conciertos de caracola /
Un concierto supone muchos instrumentos, un directos, instrumentos afinados y una partitura. El autor nos propone un concierto mágico "de caracolas", un concierto que desconcierta por la multitudinaria cantidad de sonidos que brotan de la naturaleza, de los animales y de sentimiento que ir...
Guardado en:
| Autor Principal: | |
|---|---|
| Otros Autores: | |
| Formato: | Libro |
| Idioma: | Undetermined |
| Publicado: |
Buenos Aires :
Assisi,
2016.
|
| Edición: | 1a ed. |
| Series: | Voy creciendo
|
| Materias: | |
| Etiquetas: |
Agregar Etiqueta
Sin Etiquetas, Sea el primero en etiquetar este registro!
|
| LEADER | 01771nam a22002415a 4500 | ||
|---|---|---|---|
| 001 | CEM.cems024564 | ||
| 008 | 250428s2016####ag############000#0#und#d | ||
| 005 | 20250428150537.0 | ||
| 245 | 1 | 0 | |a Conciertos de caracola / |c Antonio Bierzychudek ; ilustrado por Silvana Delfino. |
| 250 | |a 1a ed. | ||
| 260 | |a Buenos Aires : |b Assisi, |c 2016. | ||
| 300 | |a 95 p. | ||
| 490 | 1 | |a Voy creciendo | |
| 500 | |a Incluye reflexiones al final de cada cuento. | ||
| 505 | 0 | |a El gallo y el reloj despertador -- El juego de los utensilios de limpieza -- Viaje a una nueva isla -- Una feliz estrella de mar -- Blanca y Bofe -- Los repollitos que escaparon del fuego -- El pájaro curioso -- La sentencia del colador -- El universo en un bosque -- Teti el duende arrepentido -- El pajarito de juguete -- Nino, el gato observador -- El bosque destruido -- Un perfume especial -- Roble y Flor -- Un misterioso jardín -- Amistad -- La alegría recuperada -- Una fiesta original -- Conciertos de caracola | |
| 520 | |a Un concierto supone muchos instrumentos, un directos, instrumentos afinados y una partitura. El autor nos propone un concierto mágico "de caracolas", un concierto que desconcierta por la multitudinaria cantidad de sonidos que brotan de la naturaleza, de los animales y de sentimiento que iremos descubriendo a través de esos cuentos. Este Concierto de Caracolas es una invitación a disfrutar y dejar que nuestra imaginación vuele llena de sonidos y colores para crecer en valores en nuestro día a día. | ||
| 020 | |a 9789873992100 | ||
| 100 | 1 | |a Bierzychudek, Antonio. | |
| 700 | 1 | |a Delfino, Silvana. | |
| 653 | |a Cuentos infantiles | ||
| 653 | |a Literatura infantil | ||
| 653 | |a Literatura argentina | ||
| 859 | |a CEMS |b BIB. CEMS - Inicial y Primaria |h A868.4 |i B478 |k IP |p 6278 |t Ej.1 | ||
